| 000 | 00447nam a2200181Ia 4500 | ||
|---|---|---|---|
| 003 | GCL | ||
| 008 | 140319s9999 xx 000 0 eng d | ||
| 040 |
_aGCL / _cGCL |
||
| 082 | 0 | 4 |
_a923.2 _bC C |
| 100 | 1 | _aCAVANNA | |
| 245 | 1 | 0 |
_aDE COLUCHE A MITTERRAND / _cCAVANNA |
| 260 |
_a[S.N] : _bL'ARCHIPEL ، _c1993 |
||
| 490 |
_aLE LIVRE DE POCHE _v0 |
||
| 650 | 0 | 4 | _aMITTERAND, FRANCOIS |
| 650 | 0 | 4 | _aMEN |
| 650 | 0 | 4 | _aBIOGRAPHIES |
| 942 |
_2ddc _cBK |
||
| 999 |
_c10559 _d10559 |
||